Contratações do Flamengo na Era Bandeira de Mello - Statistics

Estatísticas Gerais
  • Esse quiz foi jogado 20 vezes
  • A pontuação média é 23 de 71
Estatísticas das Respostas
Time que jogava Jogador % Correto
Tigres UANL Everton Cardoso
100%
Fenerbahçe Diego Ribas
80%
Al-Ahli Éverton Ribeiro
73%
Bahia Gabriel
73%
Grêmio Pará
73%
Independiente Federico Mancuello
67%
Valencia Diego Alves
60%
Deportivo Cali Gustavo Cuéllar
60%
Atlético Nacional Orlando Berrío
60%
Vasco da Gama Rafael Vaz
60%
Botafogo Willian Arão
60%
Fluminense Henrique Dourado
53%
Universitario Miguel Trauco
53%
Ponte Preta Rodinei
53%
CSKA Moscou Vitinho
53%
Sporting Elias
47%
Internacional Juan
47%
Palmeiras Márcio Araújo
47%
XV de Piracicaba Paulinho
47%
Internacional Réver
47%
Corinthians Wallace
47%
Figueirense Alex Muralha
40%
Corinthians Chicão
40%
Shanghai Port Dário Conca
40%
Vitória Léo Morais
40%
Manchester City Marlos Moreno
40%
Corinthians Paolo Guerrero
40%
Sport Renê
40%
San Lorenzo Robert Piris da Motta
40%
Lazio Ederson
33%
Beşiktaş Rhodolfo
33%
Arsenal André Santos
27%
Palmeiras Ayrton
27%
Rubin Kazan Carlos Eduardo
27%
Benfica César Martins
27%
Shakhtar Donetsk Eduardo da Silva
27%
Corinthians Emerson Sheik
27%
Grêmio Fernandinho
27%
Toluca Fernando Uribe
27%
Tianjin Tianhai Geuvânio
27%
Vélez Sarsfield Héctor Canteros
27%
Volta Redonda Marcelo
27%
Athletico-PR Marcelo Cirino
27%
Mogi Mirim Val
27%
Shakhtar Donetsk Alan Patrick
20%
Bahia Feijão
20%
Barcelona de Guayaquil Frickson Erazo
20%
Sampaio Corrêa Jonas
20%
Benfica Julio Cesar
20%
Udinese Pablo Armero
20%
Spartak Moscou Rômulo
20%
Rosário Central Alejandro Donatti
13%
Bangu Almir
13%
Tombense Antônio Carlos
13%
Vitória Arthur Maia
13%
Atlético Sorocaba Bruninho
13%
Coimbra Chiquinho
13%
XV de Piracicaba Diego Silva
13%
Grêmio Elano
13%
Santos Leandro Damião
13%
Colón Lucas Mugni
13%
Grêmio Marcelo Moreno
13%
ASA Thallyson
13%
Atlético-MG Alecsandro
7%
Novo Hamburgo Anderson Pico
7%
América-RN Arthur Henrique
7%
Grêmio Bressan
7%
ABC Kayke
7%
Londrina Arthur Caíke
0%
Corinthians Élton
0%
Ponte Preta João Paulo
0%
Nenhum quiz correspondente encontrado
Distribuição das Pontuações
Porcentagem de Pessoas com Cada Pontuação
Percentil de Números Respondidos
Sua Pontuação Histórica
Você não jogou esse quiz